An Introduction to Information Theory / (Record no. 17089)
[ view plain ]
| 000 -LEADER | |
|---|---|
| fixed length control field | 00738cam a2200229 a 4500 |
| 001 - CONTROL NUMBER | |
| control field | 4906871 |
| 005 - DATE AND TIME OF LATEST TRANSACTION | |
| control field | 20121122120302.0 |
| 008 - FIXED-LENGTH DATA ELEMENTS--GENERAL INFORMATION | |
| fixed length control field | 940613r19941961nyua b 001 0 eng |
| 020 ## - INTERNATIONAL STANDARD BOOK NUMBER | |
| International Standard Book Number | 0486682102 |
| 020 ## - INTERNATIONAL STANDARD BOOK NUMBER | |
| International Standard Book Number | 9780486682105 |
| 082 00 - DEWEY DECIMAL CLASSIFICATION NUMBER | |
| Classification number | 621.3822 |
| Edition number | 22 |
| Item number | REZ |
| 100 1# - MAIN ENTRY--PERSONAL NAME | |
| Personal name | Reza, Fazlollah M. |
| 9 (RLIN) | 31387 |
| 245 13 - TITLE STATEMENT | |
| Title | An Introduction to Information Theory / |
| Statement of responsibility, etc | Fazlollah M. Reza. |
| 260 ## - PUBLICATION, DISTRIBUTION, ETC. (IMPRINT) | |
| Place of publication, distribution, etc | New York : |
| Name of publisher, distributor, etc | Dover, |
| Date of publication, distribution, etc | 1994. |
| 300 ## - PHYSICAL DESCRIPTION | |
| Extent | xv, 496 p. : |
| Other physical details | ill. ; |
| Dimensions | 22 cm. |
| 500 ## - GENERAL NOTE | |
| General note | Originally published: New York : McGraw-Hill, 1961. |
| 504 ## - BIBLIOGRAPHY, ETC. NOTE | |
| Bibliography, etc | Includes bibliographical references (p. 481-490) and indexes. |
| 650 #0 - SUBJECT ADDED ENTRY--TOPICAL TERM | |
| Topical term or geographic name as entry element | Information theory. |
| 9 (RLIN) | 31388 |
| 650 #0 - SUBJECT ADDED ENTRY--TOPICAL TERM | |
| Topical term or geographic name as entry element | Probabilities. |
| 9 (RLIN) | 31389 |
| 653 ## - INDEX TERM--UNCONTROLLED | |
| Resource For college | |
| Arrived date list | November2012 |
| 942 ## - ADDED ENTRY ELEMENTS (KOHA) | |
| Source of classification or shelving scheme | Dewey Decimal Classification |
| Item type | Book - Borrowing |
| Withdrawn status | Item status | Source of classification or shelving scheme | Damaged status | Not for loan | Vendor | Home library | Current library | Shelving location | Date acquired | Source of acquisition | Cost, normal purchase price | Serial Enumeration / chronology | Total Checkouts | Total Renewals | Full call number | Barcode | Date last seen | Date last borrowed | Koha item type |
|---|---|---|---|---|---|---|---|---|---|---|---|---|---|---|---|---|---|---|---|
| Dewey Decimal Classification | Baccah | Central Library | Central Library | First floor | 22/11/2012 | 205.00 | 16429 | 2 | 6 | 621.3822 REZ | 000027815 | 15/07/2025 | 11/10/2014 | Book - Borrowing |